Sports Quiz

Random Sports or Cricket Quiz

Test Cricket Batting Averages (min.20 matches) Quiz Stats

 Plays Quiz not verified by Sporcle

Challenge
Share
Tweet
Embed
Score 0/50 Timer 07:00
0 Plays Today
Hint Answer % Correct
99.94 (Australia)Don Bradman
98.2%
55.37 (South Africa) Jacques Kallis
93%
48.25 (South Africa)Graeme Smith
92.5%
52.88 (West Indies)Brian Lara
92.1%
53.78 (India)Sachin Tendulkar
91.2%
51.85 (Australia)Ricky Ponting
89.9%
58.76 (Sri Lanka)Kumar Sangakkara
89%
50.23 (West Indies)Vivian Richards
88.5%
50.73 (Australia)Matthew Hayden
85%
49.84 (Sri Lanka)Mahela Jayawardene
84.6%
52.31 (India)Rahul Dravid
83.7%
60.97 (South Africa)Graeme Pollock
83.7%
54.03 (Pakistan)Younis Khan
81.1%
51.06 (Australia)Steve Waugh
81.1%
51.32 (South Africa)Hashim Amla
77.1%
53.10 (West Indies)Shivnarine Chanderpaul
76.7%
57.78 (West Indies)Garfield Sobers
76.2%
51.54 (Zimbabwe)Andy Flower
73.6%
51.02 (South Africa)AB de Villiers
73.1%
50.56 (Australia)Allan Border
72.7%
49.60 (Pakistan)Inzamam-ul-Haq
72.2%
56.94 (England)Jack Hobbs
70.9%
56.67 (England)Leonard Hutton
70.9%
50.59 (Australia)Michael Clarke
70.5%
58.45 (England)Wally Hammond
67.4%
Hint Answer % Correct
49.34 (India)Virender Sehwag
64.8%
53.86 (Australia)Greg Chappell
63.4%
52.57 (Pakistan)Javed Miandad
63%
52.29 (Pakistan)Mohammad Yousuf
59.5%
60.73 (England)Herbert Sutcliffe
58.6%
58.67 (England)Ken Barrington
58.6%
51.12 (India)Sunil Gavaskar
58.6%
58.61 (West Indies)Everton Weekes
57.7%
51.52 (Australia)Michael Hussey
56.4%
60.83 (West Indies)George Headley
55.9%
56.68 (West Indies)Clyde Walcott
54.2%
50.06 (England)Denis Compton
46.7%
49.48 (West Indies)Frank Worrell
44.1%
50.94 (England)Joe Root
41.4%
49.81 (Pakistan)Misbah-ul-Haq
38.8%
52.65 (Sri Lanka)Angelo Mathews
33%
59.23 (England)Eddie Paynter
32.6%
48.76 (Sri Lanka)Thilan Samaraweera
31.7%
48.41 (Australia)Neil Harvey
27.8%
53.81 (South Africa)Dudley Nourse
26%
49.26 (India)Cheteshwar Pujara
19.8%
48.26 (Australia)Doug Walters
14.5%
51.62 (Australia)Jack Ryder
13.7%
48.88 (South Africa)Bruce Mitchell
13.2%
49.08 (South Africa)Colin Bland
4.4%

You're not logged in!

Compare scores with friends on all Sporcle quizzes.
Join for Free
OR
Log In

You Might Also Like...

Show Comments

Extras

Top Quizzes Today


Score Distribution

Your Account Isn't Verified!

In order to create a playlist on Sporcle, you need to verify the email address you used during registration. Go to your Sporcle Settings to finish the process.

Report this User

Report this user for behavior that violates our Community Guidelines.

Details: